000 00758nam a22002657a 4500
005 20210421060449.0
008 201215s1995 ||||| |||| 00| 0 eng d
020 _a9622173918
020 _a9789622173910
040 _aeng
_cDLC
_deng
041 _aeng
080 _a008
_bN-78
100 _9492
_aNordbye, Masha
245 _aMoscow and the Golden Ring
_b: Odyssey Illustrated Guide to Moscow
_c/ by: Odyssey
250 _a3rd edition
260 _aLondon
_bOdyssey
_c1995
300 _a320 p.
_bill.
365 _b9.95 gbp
650 0 _9493
_aCulture
650 0 _9494
_aRussian Culture
653 _aკულტურა
653 _aრუსული კულტურა
700 _9495
_aLanza, Patricia
_ePhotographer
942 _2udc
_cBK
_e3
999 _c627
_d627